00533nam a22001814a 450000500170000000800410001701000140005802000260007203500130009803700150011104000180012608200100014410000140015424500450016826000410021327000740025430000230032820090716150329.0081114s2009 ii a 000 0 eng  aENG-94439 a9788178127378c120.00 aEN-77972 bDBAD / PUB adplbEnglish  a158.1 aAshokIndu aWhat if you die tomorrow /cby AshokIndu aNew Delhi bReader's Delightc(200?) a12-H, New Daryaganj, Road, Opp. Traffic Kotwali, bNew Delhi e110002 a320p. c21cm(pbk)